Statistics for Numbers That Have 6 In Them

Click here to take the quiz!

General Stats

  • This quiz has been taken 45 times
  • The average score is 16 of 19

Answer Stats

Answer% Correct
16
96%
6
96%
26
92%
36
92%
66
92%
46
88%
56
88%
86
88%
96
88%
67
85%
76
85%
68
77%
69
77%
61
73%
62
73%
63
73%
65
73%
60
69%
64
69%

Score Distribution

Percentile by Number Answered

Percent of People with Each Score

Your Score History

You have not taken this quiz